000
00203 a2200097 4500
020
_a
9780593523261
041
_a
spa
100
_a
Piper,Watty
245
_a
La pequeą Locomotora que si Pudo
942
_c
BK
999
_c
31826
_d
31824